ULTRAKILL Song Names - Statistics

General Stats
  • This quiz has been taken 593 times
    190 since last reset
  • The average score is 51 of 81
Answer Stats
Hint % Correct
0-1 Into The Fire
94%
0-3 Into The Fire
94%
1-4 (Track 2) Versus
94%
Main Menu The Fire Is Gone (for Piano, Saxophone and Trumpet)
93%
P-1 (Track 3) ORDER
91%
P-2 (Track 4) WAR
91%
1-3 Castle Vein
84%
P-1 (Track 2) CHAOS
84%
4-4 Duel (Versus Reprise)
83%
3-1 (Track 2) Glory
83%
3-1 (Track 1) Guts
83%
7-4 War Without Reason
83%
0-5 Cerberus
82%
7-1 (Track 2) The World Looks Red
82%
Cyber Grind The Cyber Grind
81%
7-1 (Track 1) The World Looks White
81%
6-1 (Track 2) Altars of Apostasy
80%
4-1 Dune Eternal
80%
P-2 (Track 3) PANDEMONIUM
80%
2-2 Requiem
80%
0-2 Unstoppable Force
80%
0-4 Unstoppable Force
80%
1-4 (Track 1) Clair de Lune
78%
3-2 (Track 2) Divine Intervention
76%
5-3 (Track 1) Death Odyssey
73%
P-2 (Track 2) Tenebre Rosso Sangue
73%
1-1 (Track 2) A Shattered Illusion
72%
5-1 Deep Blue
72%
6-2 (Track 2) The Death of God's Will (incl. "Horns of Insurrection")
72%
1-1 (Track 1) A Thousand Greetings
71%
1-2 (Track 1) A Thousand Greetings
71%
2-1 Cold Winds
71%
2-3 Panic Betrayer
69%
7-1 (Track 3) Bull of Hell
68%
8-3 (Track 3) Event Horizon (Reach for the Sun and Burn! Burn! Burn!)
68%
8-2 (Track 2) No Devil Lived On
68%
1-2 (Track 2) A Complete and Utter Destruction of the Senses
67%
7-2 (Track 1) Do Robots Dream Of Eternal Sleep?
67%
8-1 (Track 1) In Absentia ΛΟΓΟΣ
67%
4-3 Dancer in the Darkness
66%
7-3 (Track 2) Danse Macabre
66%
5-2 "He Is the Light in My Darkness"
66%
8-2 (Track 3) Mirror Rim
64%
4-2 Sands of Tide
63%
ACT 2 Cutscene (Track 1) Silence. Introspection.
63%
7-3 (Track 1) Suffering Leaves Suffering Leaves
63%
5-3 (Track 2) Death Odyssey Aftermath
62%
8-4 The Fall
61%
P-1 (Track 1) The Spinal Staircase
61%
5-4 The Abyss and the Serpent
60%
6-1 (Track 1) Chord of the Crooked Saints
59%
2-4 In the Presence of a King
59%
8-1 (Track 2) Spiral Out (Keep Going)
59%
Cyber Grind (Track 3) UltraChurch
59%
8-2 (Track 1) Never Odd or Even
56%
4-S The song that plays in the level colloquially known as 4-S
56%
2-S Sunshine (Mirage)
55%
8-3 (Track 1) The Break (Crimson Glass deComposition)
53%
ACT 1 Cutscene Disgrace. Humiliation.
52%
1-E (Track 2) A Part Falling
51%
0-E (Track 2) Dead Heat Pulse (A Heart of Cold)
51%
0-E (Track 1) A Heart of Cold
49%
Cyber Grind (Track 2) HATEFUL
49%
7-S After Hours
48%
5-S Lakeside Songbook
48%
8-3 (Track 2) The Shattering Circle, or: A Charade of Shadeless Ones and Zeroes Rearranged ad Nihilum
48%
ACT 2 Intermission Insert Disc 2
47%
1-S Sanctuary in the Garden of the Mind
45%
Terminals Take Care
44%
1-E (Track 1) An Absence
43%
3-2 (Track 1) Bach: BWV 639 "I call to you, Lord Jesus Christ"
40%
6-2 (Track 1) Fallen Angel (An Adaptation of Bach: BWV 639)
39%
Cyber Grind (Track 7) NI4NI
39%
6-1 (Track 3) Hall of Sacreligious Remains
34%
7-2 (Track 2) Hear! Siren Song Call of Death
34%
Cyber Grind (Track 4) Robot Stop
31%
ACT 2 Cutscene (Track 2) Beethoven: 7th Symphony, 2nd Movement: Allegretto (An Excerpt for Piano)
23%
P-2 (Track 1) Intro (Weihnachten Am Klavier)
23%
Cyber Grind (Track 5) Supercell
23%
Dev Museum Album Music for Virtual Museums
21%
Cyber Grind (Track 6) The Dripping Tap
18%
No matching quizzes found
Score Distribution
Percent of People with Each Score
Percentile by Number Answered
Your Score History
You have not taken this quiz since the last reset